<?xml version="1.0" encoding="UTF-8"?>
<record
    xmlns:xsi="http://www.w3.org/2001/XMLSchema-instance"
    xsi:schemaLocation="http://www.loc.gov/MARC21/slim http://www.loc.gov/standards/marcxml/schema/MARC21slim.xsd"
    xmlns="http://www.loc.gov/MARC21/slim">

  <leader>00378nam a2200133Ia 4500</leader>
  <controlfield tag="008">240401s2021    xx            000 0 und d</controlfield>
  <datafield tag="041" ind1=" " ind2=" ">
    <subfield code="a">eng</subfield>
  </datafield>
  <datafield tag="082" ind1=" " ind2=" ">
    <subfield code="a">615/MAN</subfield>
  </datafield>
  <datafield tag="100" ind1=" " ind2=" ">
    <subfield code="a">DR.SANCHITA MANDAL</subfield>
  </datafield>
  <datafield tag="245" ind1=" " ind2=" ">
    <subfield code="a">A TEXT BOOK OF MOLECULAR PHARMACEUTICS</subfield>
  </datafield>
  <datafield tag="260" ind1=" " ind2=" ">
    <subfield code="a">HEDARBAD</subfield>
    <subfield code="b">S.VIKAS AND COMPANY</subfield>
    <subfield code="c">2021</subfield>
  </datafield>
  <datafield tag="650" ind1=" " ind2=" ">
    <subfield code="a">MOLECULAR PHARMACEUTICS</subfield>
  </datafield>
  <datafield tag="650" ind1=" " ind2=" ">
    <subfield code="a">MOLECULAR PHARMACEUTICS</subfield>
  </datafield>
  <datafield tag="999" ind1=" " ind2=" ">
    <subfield code="c">1155320</subfield>
    <subfield code="d">1155320</subfield>
  </datafield>
  <datafield tag="952" ind1=" " ind2=" ">
    <subfield code="0">0</subfield>
    <subfield code="1">0</subfield>
    <subfield code="4">0</subfield>
    <subfield code="7">0</subfield>
    <subfield code="a">PCK</subfield>
    <subfield code="b">PCK</subfield>
    <subfield code="d">2023-03-25</subfield>
    <subfield code="g">365.00</subfield>
    <subfield code="l">1</subfield>
    <subfield code="o">615/MAN</subfield>
    <subfield code="p">PCK-M-3382</subfield>
    <subfield code="q">2026-03-04</subfield>
    <subfield code="r">2026-03-04 00:00:00</subfield>
    <subfield code="s">2026-03-04</subfield>
    <subfield code="w">2024-04-02</subfield>
    <subfield code="y">BK</subfield>
  </datafield>
</record>
